www.capitalismo.net (Registro nro. 4342)
[ vista simple ]
| 000 -LEADER | |
|---|---|
| fixed length control field | 01035 a2200229 4500 |
| 001 - CONTROL NUMBER | |
| control field | 47332 |
| 005 - DATE AND TIME OF LATEST TRANSACTION | |
| control field | 20260407155741.0 |
| 008 - FIXED-LENGTH DATA ELEMENTS--GENERAL INFORMATION | |
| fixed length control field | 260407a2001 arg spa d |
| 003 - CONTROL NUMBER IDENTIFIER | |
| control field | AR-UNSa-BCEJYS |
| 040 ## - CATALOGING SOURCE | |
| Original cataloging agency | AR-UNSa-BCEJYS |
| Language of cataloging | spa |
| Transcribing agency | AR-UNSa-BCEJYS |
| 080 ## - UNIVERSAL DECIMAL CLASSIFICATION NUMBER | |
| Universal Decimal Classification number | 330.342.14 |
| Common auxiliary subdivision | Economía capitalista |
| 020 ## - INTERNATIONAL STANDARD BOOK NUMBER | |
| International Standard Book Number | 950-12-6521-8 |
| 100 1# - MAIN ENTRY--PERSONAL NAME | |
| Personal name | Bixio, Alcira |
| 245 10 - TITLE STATEMENT | |
| Title | www.capitalismo.net |
| 264 #1 - PRODUCTION, PUBLICATION, DISTRIBUTION, MANUFACTURE, AND COPYRIGHT NOTICE | |
| Place of production, publication, distribution, manufacture | Buenos Aires : |
| Name of producer, publisher, distributor, manufacturer | Paidós |
| Date of production, publication, distribution, manufacture, or copyright notice | 2001 |
| 300 ## - PHYSICAL DESCRIPTION | |
| Extent | 231 p. |
| Dimensions | 21 cm. |
| 505 ## - FORMATTED CONTENTS NOTE | |
| Formatted contents note | 1. Concordancia de los tiempos - 2. El capitalismo patrimonial - 3. La nueva "Santísima Trinidad" - 4. La nueva economía: ¿mito o realidad? - 5. ¿Dictadura de los mercados o democracia capitalista? - 6. Capital y trabajo: ayer enemigos, ¿aliados mañana? - 7. ¿Economía de mercado o sociedad de mercado? - 8. ¿Modelo único o pluralidad de modelos?. |
| 590 ## - LOCAL NOTE (RLIN) | |
| Local note | niveau_biblio:m niveau_hierar:0 |
| 700 1# - ADDED ENTRY--PERSONAL NAME | |
| Personal name | Minc, Alain |
| 856 41 - ELECTRONIC LOCATION AND ACCESS | |
| Uniform Resource Identifier | <a href="https://www.biblioeco.unsa.edu.ar/pmb/images/libros/L127477.jpg">https://www.biblioeco.unsa.edu.ar/pmb/images/libros/L127477.jpg</a> |
| Link text | Imagen de portada |
| Electronic format type | image/jpeg |
| 942 ## - ADDED ENTRY ELEMENTS (KOHA) | |
| Koha item type | |
| Withdrawn status | Lost status | Damaged status | Not for loan | Home library | Current library | Shelving location | Date acquired | Total checkouts | Full call number | Barcode | Date last seen | Price effective from | Koha item type |
|---|---|---|---|---|---|---|---|---|---|---|---|---|---|
| Biblioteca Prof. Eusebio Cleto del Rey | Biblioteca Prof. Eusebio Cleto del Rey | 07/04/2026 | 330.342.14 M663 | L127477 | 07/04/2026 | 07/04/2026 | Libro |